| 000 | 00719nam a2200217 a 4500 | ||
|---|---|---|---|
| 005 | 20240228064138.0 | ||
| 008 | 140620s2007 mx r 000 0 spa d | ||
| 020 | _a9789974802827 | ||
| 035 | _aUPN01000198165 | ||
| 049 | _aI | ||
| 050 | 4 |
_aPZ74.1 _bE7.3 |
|
| 100 | 1 |
_aErbiti, Alejandra, _d1963- _933263 |
|
| 245 | 1 | 0 |
_aCuentan que -- : _bmitos & leyendas de América y del mundo / _cadaptación Alejandra Erbiti ; il. de Noemí Blind. |
| 260 |
_aMontevideo : _bCadiex International, _c2007. |
||
| 300 |
_a100 p. : _bil. col. |
||
| 650 | 4 |
_aLEYENDAS - _vLITERATURA INFANTIL _919858 |
|
| 650 | 4 |
_aLEYENDAS - _zAMERICA _96721 |
|
| 650 | 4 |
_aLibros y lectura para niños _92290 |
|
| 905 | _aInfantil | ||
| 999 |
_c170266 _d170266 |
||